| 000 | 01338cam a22003377a 4500 | ||
|---|---|---|---|
| 001 | 15889228 | ||
| 005 | 20100305153152.0 | ||
| 008 | 090901s2009 maua b 001 0 eng d | ||
| 010 | _a 2009497240 | ||
| 015 |
_aGBA937267 _2bnb |
||
| 016 | 7 |
_a015110019 _2Uk |
|
| 020 | _a0750684461 (hbk.) | ||
| 020 | _a9780750684460 (hbk.) | ||
| 035 | _a(OCoLC)ocn246895380 | ||
| 040 |
_aBTCTA _cBTCTA _dYDXCP _dUKM _dBWX _dCDX _dTXA _dDLC |
||
| 042 | _alccopycat | ||
| 050 | 0 | 0 |
_aTA445 _b.S435 2009 |
| 082 | 0 | 4 |
_a620.1366 _222 _bSHI |
| 100 | 1 |
_aShi, Zihai. _923429 |
|
| 245 | 1 | 0 |
_aCrack Analysis in Structural Concrete : _bTheory and Applications / _cZihai Shi. |
| 260 |
_aBurlington, MA : _bButterworth-Heinemann, 2009 _cc2009. |
||
| 300 |
_axiv, 327 p. : _bill. ; _c24 cm. |
||
| 504 | _aIncludes bibliographical references and index. | ||
| 650 | 0 |
_aReinforced concrete _xCracking. _923430 |
|
| 650 | 0 |
_aReinforced concrete _xFracture. _923431 |
|
| 653 |
_bCiv _cApril2011 |
||
| 856 | 4 | 2 |
_3Publisher description _uhttp://www.loc.gov/catdir/enhancements/fy0917/2009497240-d.html |
| 942 |
_2ddc _cBB |
||
| 999 |
_c15204 _d15204 |
||